Ricordo di Carmelo Ottaviano (Padova) - Verso la quarta età (Record no. 589558)
[ view plain ]
| 000 -CABECERA | |
|---|---|
| Campo de control de longitud fija | 00479nab a2200145Ia 4500 |
| 003 - IDENTIFICADOR DEL NÚMERO DE CONTROL | |
| Campo de control | ES-SlBCS |
| 005 - FECHA Y HORA DE LA ÚLTIMA TRANSACCIÓN | |
| Campo de control | 20210601133028.0 |
| 008 - CÓDIGOS DE INFORMACIÓN DE LONGITUD FIJA | |
| Campo de control de longitud fija | 140529s1980 xxu||||| |||| 00| 0 ita d |
| 041 ## - CÓDIGO DE LENGUA | |
| Código de lengua del texto/banda sonora o título independiente | ita |
| 100 1# - PUNTO DE ACCESO PRINCIPAL-NOMBRE DE PERSONA | |
| Nombre de persona | Flores D'arcais, Giuseppe |
| 9 (RLIN) | 45563 |
| 245 00 - MENCIÓN DE TÍTULO | |
| Título | Ricordo di Carmelo Ottaviano (Padova) - Verso la quarta età |
| Mención de responsabilidad, etc. | Giuseppe Flores D'Arcais |
| 600 14 - PUNTO DE ACCESO ADICIONAL DE MATERIA-NOMBRE DE PERSONA | |
| Nombre personal | Ottaviano, Carmelo |
| 9 (RLIN) | 22019 |
| 773 0# - ENLACE AL DOCUMENTO FUENTE | |
| Título | Rassegna di Pedagogia |
| Parte(s) relacionada(s) | vol. 38, nº. 1-2, 1980, págs. 85-89 |
| Número de control del registro relacionado | Rev924 |
| 942 ## - ENTRADA DE ELEMENTOS AGREGADOS (KOHA) | |
| Koha [por defecto] tipo de item | Artículos de revista |
| Suprimido | Perdido | Estropeado | No para préstamo | Localización permanente | Localización actual | Localización en estantería | Fecha adquisición | Préstamos totales | Fecha última consulta | Fecha del precio de reemplazo | Tipo de item de Koha |
|---|---|---|---|---|---|---|---|---|---|---|---|
| San Esteban | San Esteban | Depósito de revistas | 11/07/2014 | 11/07/2014 | 11/07/2014 | Artículos de revista |
